000 00722nam a2200229 4500
003 OSt
005 20240618062053.0
006 a
008 240618b |||||||| |||| 00| 0 eng d
020 _a9780415688420
040 _aDWCL-Main lib.
_cOC
082 _aCirc. 346.4107 D413b 2012
100 _aDenoncourt, Janice
245 _aBusiness law : 2012-2013 /
260 _aLondon :
_bRoutledge,
_cc2012.
300 _axx,
_b201 p. : ill. ;
_c22 cm.
490 _3Routledge revision. Questions & answers
504 _aIncludes index.
650 _a1. Business law–England–Examinations, questions, etc.
650 _a2. Business law–Wales–Examinations, questions, etc.
942 _2ddc
_n0
_cBK-CIRC
_kCirc.
999 _c825
_d825